NFL Teams by Year of Their Last Super Bowl-Winning Season -Click Quiz - Statistics

General Stats
  • This quiz has been taken 1,042 times
    158 since last reset
  • The average score is 10 of 20
Answer Stats
Hint Answer % Correct
Broncos 2015
68%
Seahawks 2025
68%
Jets 1968
67%
Patriots 2018
62%
Bears 1985
60%
Cowboys 1995
58%
Ravens 2012
58%
Eagles 2024
58%
Dolphins 1973
55%
Rams 2021
55%
Chiefs 2023
52%
Giants 2011
49%
Packers 2010
47%
Saints 2009
44%
Buccaneers 2020
44%
Raiders 1983
41%
Commanders/Redskins 1991
41%
Steelers 2008
41%
Colts 2006
37%
49ers 1994
36%
No matching quizzes found
Score Distribution
Percent of People with Each Score
Percentile by Number Answered
Your Score History
You have not taken this quiz since the last reset